000 00377 a2200145 4500
040 _aDLC
_bDLC
082 _a891.4391
100 _aHali , Altaf Hussain
245 _aMusadas-e-Hali
_cAltaf Hussain , Hali
260 _aLahore:
_bAlfaisal,
_c2004.
300 _a 160 p. ;
_c24 cm.
500 _aIncludes Index
650 _aUrdu Literature--Poetry.
942 _cBK
_k891.4391 HAL
_2ddc
999 _c5013
_d5013